000
00314nam a22001337a 4500
008
210519b ||||| |||| 00| 0 eng d
041
_a
eng
080
_a
510
082
_a
510
100
_a
36
101
_a
MAT
245
_a
Tables of Laplace, Heaviside, Fourier, and Z Transforms
_c
Healey,M
942
_2
udc
_c
BK
999
_c
57489
_d
57489